| 000 | 01037nam a2200253Ia 4500 | ||
|---|---|---|---|
| 001 | 791.43-MAI ma sc (5415) | ||
| 003 | IT-MiSPE | ||
| 008 | 171229s9999||||xx |||||||||||||| ||und|| | ||
| 040 |
_aIT-MiSPE _cIT-MiSPE |
||
| 041 | _aITALIANO | ||
| 100 | _aMassimo Maisetti | ||
| 245 | 2 | _aA scuola col cinema d'animazione | |
| 250 | _a1a ed. (v) | ||
| 260 |
_aVenezia _bMarsilio _c1979 |
||
| 300 |
_a86 p. _c20 cm |
||
| 490 |
_aMaterialimarsilio _v20 |
||
| 500 | _aDisegno animato | ||
| 501 | _aEdizioni San Paolo srl - Piazza Soncino, 5 - 20092 CINISELLO BALSAMO (MI) (non commercial uses only) ® Copyright 2018 | ||
| 520 | _aIll. | ||
| 700 | _aNedo Zanotti | ||
| 942 | _cBK | ||
| 957 | _71 | ||
| 999 |
_a20212 _bNO _g Copie: 1 _c352364 _d352364 |
||